[Event "Angers op 3rd"]
[Site "Angers"]
[Date "2008.04.25"]
[Round "1"]
[White "Pailhe, Lionel"]
[Black "Toux, Stephane"]
[Result "1-0"]
[WhiteElo "2012"]
[BlackElo "1863"]
[PlyCount "57"]
[EventDate "2008.04.25"]
[EventType "swiss"]
[EventRounds "6"]
[EventCountry "FRA"]
[SourceTitle "CBM 123 Extra"]
[Source "ChessBase"]
[SourceDate "2008.05.06"]
[SourceVersion "1"]
[SourceVersionDate "2008.05.06"]
[SourceQuality "1"]

1. e4 e6 2. d4 d5 3. Nc3 Bb4 4. Nge2 dxe4 5. a3 Bxc3+ 6. Nxc3 Nc6 7. Bb5 Nge7 8. Bg5 f6 9. Be3 0-0 10. Nxe4 Qd5 11. Qd3 a6 12. Bc4 Qf5 13. 0-0-0 b5 14. Bb3 b4 15. Nc5 Qxd3 16. Rxd3 Nd5 17. Re1 a5 18. Bd2 Kf7 19. f4 f5 20. g4 Rd8 21. c4 bxc3 22. bxc3 fxg4 23. f5 exf5 24. Bg5 Rd6 25. Bf4 Kf6 26. Bxd6 cxd6 27. Bxd5 dxc5 28. Bxc6 Rb8 29. Re8 1-0

[Event "Fouesnant op 12th"]
[Site "Fouesnant"]
[Date "2006.11.01"]
[Round "6"]
[White "Bertrand, Nicolas"]
[Black "Toux, Stephane"]
[Result "0-1"]
[WhiteElo "1990"]
[BlackElo "1877"]
[PlyCount "68"]
[EventDate "2006.10.28"]
[EventType "swiss"]
[EventRounds "9"]
[EventCountry "FRA"]
[SourceTitle "EXT 2008"]
[Source "ChessBase"]
[SourceDate "2007.11.25"]
[SourceVersion "1"]
[SourceVersionDate "2007.11.25"]
[SourceQuality "1"]

1. e4 e6 2. b3 d5 3. Bb2 c5 4. e5 Nc6 5. f4 Nh6 6. Nf3 Nf5 7. Bd3 Qb6 8. c3 Be7 9. Na3 Bd7 10. c4 d4 11. Nc2 a5 12. Na3 Nb4 13. Be4 Bc6 14. Bxc6+ Qxc6 15. 0-0 Nd3 16. Ne1 Nh4 17. Qe2 Nxb2 18. d3 Nxd3 19. Nxd3 Nf5 20. Nb5 Ne3 21. Rf3 a4 22. b4 b6 23. Nf2 0-0 24. Qd3 Nf5 25. bxc5 bxc5 26. Ne4 Rfd8 27. a3 Rd7 28. Ra2 Rb8 29. Rb2 Ne3 30. Rh3 h6 31. Ng3 Rdb7 32. Na7 Qd7 33. Rxb7 Rxb7 34. Nb5 Nxc4 0-1

[Event "FRA-chT4 0506"]
[Site "Bretagne"]
[Date "2005.12.04"]
[Round "3"]
[White "Toux, Stephane"]
[Black "Caroff, Frederic"]
[Result "1/2-1/2"]
[WhiteElo "1877"]
[BlackElo "2067"]
[PlyCount "89"]
[EventDate "2005.10.16"]
[EventType "team-tourn"]
[EventRounds "7"]
[EventCountry "FRA"]
[SourceTitle "EXT 2007"]
[Source "ChessBase"]
[SourceDate "2006.11.23"]
[SourceVersion "1"]
[SourceVersionDate "2006.11.23"]
[SourceQuality "1"]

1. e4 c5 2. Nf3 d6 3. d4 cxd4 4. Nxd4 Nf6 5. Nc3 a6 6. Bc4 e6 7. Bb3 b5 8. 0-0 Be7 9. f4 0-0 10. Be3 Bb7 11. e5 dxe5 12. fxe5 Nfd7 13. Nxe6 fxe6 14. Bxe6+ Kh8 15. Rxf8+ Nxf8 16. Qxd8 Bxd8 17. Bb3 Be7 18. Nd5 Nc6 19. Nxe7 Nxe7 20. Rf1 Bd5 21. Bc5 Bxb3 22. Bxe7 Ng6 23. axb3 Nxe7 24. Rd1 Kg8 25. Kf2 Rc8 26. Rd2 Kf7 27. Ke3 Nc6 28. Ke4 Ke7 29. Rd6 Nb8 30. c3 Rc6 31. Rxc6 Nxc6 32. Kd5 Kd7 33. e6+ Kc7 34. b4 Ne7+ 35. Kc5 h6 36. b3 Nc8 37. c4 bxc4 38. bxc4 Ne7 39. b5 axb5 40. cxb5 Nc8 41. g4 Kd8 42. b6 Nxb6 43. Kxb6 Ke7 44. Kc5 Kxe6 45. Kd4 1/2-1/2

[Event "FRA-chT3 0405"]
[Site "France"]
[Date "2005.01.09"]
[Round "4.4"]
[White "Nouri, Adrien"]
[Black "Toux, Stephane"]
[Result "0-1"]
[WhiteElo "1730"]
[BlackElo "1820"]
[PlyCount "94"]
[EventDate "2004.10.10"]
[EventType "team-tourn"]
[EventRounds "9"]
[EventCountry "FRA"]
[SourceTitle "EXT 2007"]
[Source "ChessBase"]
[SourceDate "2006.11.23"]
[SourceVersion "1"]
[SourceVersionDate "2006.11.23"]
[SourceQuality "1"]

1. e4 e6 2. d4 d5 3. exd5 exd5 4. Nf3 Bd6 5. Be3 Bg4 6. Be2 Ne7 7. Nbd2 Nd7 8. a3 h6 9. b4 Nf6 10. h3 Bh5 11. Bd3 Qd7 12. c4 c6 13. c5 Bc7 14. Qc2 Bg6 15. Ne5 Bxd3 16. Qxd3 Qf5 17. 0-0 Qxd3 18. Nxd3 Ng6 19. Rab1 a6 20. a4 Kd7 21. b5 axb5 22. axb5 Rhb8 23. b6 Bd8 24. Ne5+ Nxe5 25. dxe5 Nh7 26. Bf4 Rc8 27. Nf3 Nf8 28. Nd4 Ne6 29. Nxe6 Kxe6 30. Rfe1 Be7 31. Rbc1 Ra5 32. Be3 Rca8 33. f4 Ra4 34. Red1 R8a5 35. Rd4 Ra3 36. Bd2 Bxc5 37. Rxc5 Rxc5 38. Bb4 Ra1+ 39. Kf2 Rc4 40. Rxc4 dxc4 41. g4 g6 42. Ke3 Kd5 43. Bf8 h5 44. gxh5 gxh5 45. Bg7 Ra3+ 46. Kd2 Rxh3 47. f5 Rf3 0-1

[Event "Brest op"]
[Site "Brest"]
[Date "2004.04.10"]
[Round "2"]
[White "Tripoteau, Nicolas"]
[Black "Toux, Stephane"]
[Result "1-0"]
[WhiteElo "2290"]
[BlackElo "1890"]
[PlyCount "25"]
[EventDate "2004.04.??"]
[EventType "swiss (rapid)"]
[EventRounds "7"]
[EventCountry "FRA"]
[SourceTitle "EXT 2005"]
[Source "ChessBase"]
[SourceDate "2004.11.15"]
[SourceVersion "1"]
[SourceVersionDate "2004.11.15"]
[SourceQuality "1"]

1. d4 d5 2. c4 c6 3. Nf3 Nf6 4. e3 Bf5 5. cxd5 cxd5 6. Qb3 Qc7 7. Nc3 e6 8. Bd2 Nc6 9. Rc1 a6 10. Na4 b5 11. Ne5 Na5 12. Bxb5+ axb5 13. Qxb5+ 1-0

[Event "Guingamp op 7th"]
[Site "Guingamp"]
[Date "2003.03.04"]
[Round "5"]
[White "Le Diouron, Aurelie"]
[Black "Toux, Stephane"]
[Result "1-0"]
[WhiteElo "1900"]
[BlackElo "1690"]
[PlyCount "105"]
[EventDate "2003.03.02"]
[EventType "swiss"]
[EventRounds "9"]
[EventCountry "FRA"]
[SourceTitle "EXT 2004"]
[Source "ChessBase"]
[SourceDate "2003.11.25"]
[SourceVersion "1"]
[SourceVersionDate "2003.11.25"]
[SourceQuality "1"]

1. e4 e6 2. d4 d5 3. Nd2 Nf6 4. e5 Nfd7 5. Bd3 c5 6. c3 Nc6 7. Ne2 cxd4 8. cxd4 f6 9. exf6 Nxf6 10. 0-0 Bd6 11. Nf3 Qc7 12. Ng3 0-0 13. a3 g6 14. Bh6 Rf7 15. Ng5 Re7 16. Qf3 Bf4 17. Ne2 e5 18. dxe5 Bxe5 19. Nc3 Nd4 20. Qd1 Qd6 21. h3 Bf5 22. Nf3 Bxd3 23. Qxd3 Nxf3+ 24. Qxf3 Rc7 25. Qd3 Rd8 26. Rfe1 Bf4 27. Bxf4 Qxf4 28. Re3 Qc4 29. Rd1 Qxd3 30. Rexd3 Rcd7 31. g4 g5 32. Nb5 a6 33. Nd4 Kf7 34. Nf3 Kg7 35. Nxg5 Rd6 36. Re3 Ne4 37. Nxe4 dxe4 38. Rxd6 Rxd6 39. Rxe4 Rd1+ 40. Kg2 Kf6 41. h4 Rd2 42. Rb4 b5 43. Kg3 h6 44. b3 Ke5 45. a4 Rd3+ 46. f3 Kd5 47. axb5 Kc5 48. Re4 axb5 49. b4+ Kd5 50. g5 hxg5 51. hxg5 Rc3 52. g6 Rc7 53. Kf4 1-0

[Event "Guingamp op 6th"]
[Site "Guingamp"]
[Date "2002.04.17"]
[Round "3"]
[White "Toux, Stephane"]
[Black "Luco, Alain"]
[Result "0-1"]
[WhiteElo "1850"]
[BlackElo "2157"]
[PlyCount "62"]
[EventDate "2002.04.16"]
[EventType "swiss"]
[EventRounds "7"]
[EventCountry "FRA"]
[SourceTitle "EXT 2003"]
[Source "ChessBase"]
[SourceDate "2002.11.25"]
[SourceVersion "1"]
[SourceVersionDate "2002.11.25"]
[SourceQuality "1"]

1. e4 e6 2. d4 d5 3. Nc3 Bb4 4. e5 c5 5. a3 Bxc3+ 6. bxc3 Ne7 7. Qg4 cxd4 8. Qxg7 Rg8 9. Qxh7 Qa5 10. Kd1 Nbc6 11. Nf3 Bd7 12. Ng5 Rf8 13. f4 dxc3 14. Be2 Nd4 15. Nxf7 Ba4 16. Nd6+ Kd7 17. Bd3 Rh8 18. Qg7 Rhg8 19. Qh7 Rh8 20. Qg7 Rag8 21. Qf6 Nxc2 22. Bxc2 Bxc2+ 23. Ke1 Qa6 24. g3 d4 25. Ra2 Qc6 26. Rg1 d3 27. Rxc2 dxc2 28. f5 Qd5 29. fxe6+ Kc6 30. h4 Qd4 31. Qf3+ Nd5 0-1

[Event "Finistere-chT 0001"]
[Site "Finistere"]
[Date "2001.01.06"]
[Round "4.8"]
[White "Toux, Stephane"]
[Black "Kermarec, Charles"]
[Result "1-0"]
[WhiteElo "1680"]
[BlackElo "1330"]
[PlyCount "59"]
[EventDate "2000.??.??"]
[EventType "team-tourn"]
[EventRounds "7"]
[EventCountry "FRA"]
[SourceTitle "EXT 2003"]
[Source "ChessBase"]
[SourceDate "2002.11.25"]
[SourceVersion "1"]
[SourceVersionDate "2002.11.25"]
[SourceQuality "1"]

1. e4 c5 2. Nf3 Nc6 3. d4 cxd4 4. Nxd4 e6 5. Be2 Nf6 6. Nc3 a6 7. f4 d6 8. 0-0 Be7 9. Be3 0-0 10. Bf3 Bd7 11. e5 dxe5 12. Nxc6 bxc6 13. fxe5 Nd5 14. Nxd5 cxd5 15. c4 dxc4 16. Bxa8 Qxa8 17. Qxd7 Qe4 18. Qd4 Qc6 19. Rac1 Qb5 20. Rfd1 Rc8 21. b3 Bc5 22. Qe4 Qb6 23. Bxc5 Qxc5+ 24. Kh1 c3 25. Qc4 Qf8 26. Qxa6 g6 27. Rd3 Ra8 28. Qd6 Qh6 29. Rdxc3 Qg5 30. Rc8+ 1-0

[Event "Finistere-chT 0001"]
[Site "Finistere"]
[Date "2000.11.11"]
[Round "2.4"]
[White "Toux, Stephane"]
[Black "Delaire, Eric"]
[Result "0-1"]
[WhiteElo "1690"]
[BlackElo "1820"]
[PlyCount "82"]
[EventDate "2000.??.??"]
[EventType "team-tourn"]
[EventRounds "7"]
[EventCountry "FRA"]
[SourceTitle "EXT 2003"]
[Source "ChessBase"]
[SourceDate "2002.11.25"]
[SourceVersion "1"]
[SourceVersionDate "2002.11.25"]
[SourceQuality "1"]

1. e4 e5 2. Nf3 Nf6 3. Nxe5 d6 4. Nf3 Nxe4 5. d4 d5 6. Bd3 Be7 7. 0-0 Nc6 8. c4 Nb4 9. Be2 0-0 10. Nc3 Be6 11. a3 Nxc3 12. bxc3 Nc6 13. cxd5 Bxd5 14. Rb1 Na5 15. Re1 b6 16. Qc2 Nc4 17. Qa4 Nd6 18. c4 Be4 19. Ra1 Bf6 20. Qd1 Nf5 21. Be3 c5 22. Bd3 Nxe3 23. fxe3 Bxf3 24. Qxf3 cxd4 25. Rad1 Re8 26. e4 Rc8 27. Qh3 Re5 28. Rf1 Rcc5 29. a4 Rh5 30. Qf3 Qc7 31. g3 Bg5 32. Rde1 Be3+ 33. Kh1 Qd7 34. Re2 Rh6 35. Rc2 Rf6 36. Qg2 Rxf1+ 37. Qxf1 Qxa4 38. Qf3 Qa1+ 39. Kg2 g6 40. e5 Qg1+ 41. Kh3 Rxe5 0-1